000 00720nam a22002537a 4500
003 UA-OsUOA
001 21774
007 ta
008 20031213b un ||||| |||| 00| 0 ukr d
100 _aАбель Питер
090 _a004.43
_bА144
942 _cBK
040 _aUA-OsUOA
_brus
_cUA-OsUOA
_dUA-OsUOA
245 _aЯзык ассемблера для IBM PC и программирования
_cП. Абель; Пер. Ю.В. СальниковаПер. Ю.В.Сальникова
300 _a447 с.
955 _a0
041 _arus
080 _a004.43
020 _a5-06-0015181
260 _aМосква
_bВысшая школа
_c1992
044 _aRU
650 7 _2UDC
999 _c307981
_d307981